00301nam a2200133Ia 4500008004100000041000800041082001300049100001500062245002300077260002800100300000800128365001600136700001500152230718s9999 xx 000 0 und d aeng a823bJOH aJohnson S. aOne Minute Apology c2003bIndia Today Group a115 cRs.b125.00 aJohnson S.